Correspondencia (Record no. 44743)

MARC details
000 -LEADER
campo de control de longitud fija 00783nam a2200217 i 4500
001 - NÚMERO DE CONTROL
campo de control 44743
003 - IDENTIFICADOR DE NÚMERO DE CONTROL
campo de control ES-MaACL
005 - FECHA Y HORA DE LA ÚLTIMA TRANSACCIÓN
campo de control 20260617125144.0
007 - CAMPO FIJO DE DESCRIPCIÓN FÍSICA--INFORMACIÓN GENERAL
campo de control de longitud fija t|
008 - DATOS DE LONGITUD FIJA--INFORMACIÓN GENERAL
campo de control de longitud fija 030324s1952 sp ||||1| spa d
100 ## - ENTRADA PRINCIPAL--NOMBRE DE PERSONA
Nombre de persona Claudel, Paul,
Fechas asociadas al nombre 1868-1955
9 (RLIN) 239252
245 10 - MENCIÓN DEL TÍTULO
Título Correspondencia
Resto del título : 1899-1926 /
Mención de responsabilidad, etc. Paul Claudel y André Gide ; prólogo y notas de Robert Mallet ; [traducción del francés por J. Ferrán Mayoral].
250 ## - MENCION DE EDICION
Mención de edición 1ª ed.
260 ## - PUBLICACIÓN, DISTRIBUCIÓN, ETC.
Lugar de publicación, distribución, etc. Barcelona :
Nombre del editor, distribuidor, etc. José Janés,
Fecha de publicación, distribución, etc. 1952 (
Fabricante La Académica)
300 ## - DESCRIPCIÓN FÍSICA
Extensión 336 p. :
Otras características físicas 2 retr. aut. ;
Dimensiones 22 cm.
700 1# - ENTRADA AGREGADA--NOMBRE PERSONAL
Nombre de persona Gide, André,
Fechas asociadas al nombre 1869-1951
9 (RLIN) 56674
700 1# - ENTRADA AGREGADA--NOMBRE PERSONAL
Nombre de persona Ferrán Mayoral, J.
9 (RLIN) 50247
700 1# - ENTRADA AGREGADA--NOMBRE PERSONAL
Nombre de persona Mallet, Robert,
Fechas asociadas al nombre 1915-2002
9 (RLIN) 75804
852 ## - LOCALIZACIÓN
Ubicación ES-MaACL
Número de control de estantería D-7762
Sublocalización o colección R.32023
Holdings
Estatus retirado Estado de pérdida Estado de daño No para préstamo Biblioteca de origen Biblioteca actual Ubicación en estantería Fecha de adquisición Fuente de adquisición Total de préstamos Signatura topográfica completa Código de barras Visto por última vez Precio de reemplazo Tipo de ítem Koha
        Biblioteca del Ateneo de Madrid Biblioteca del Ateneo de Madrid Sala Valle Inclán 17/01/2008     D-7762 901047090 23/02/2023 23/02/2023 Libro impreso